[Event "1st SWIFT it"]
[Site "Brussels BEL"]
[Date "1986.03.30"]
[Round "7"]
[White "Romanishin, Oleg"]
[Black "Torre, Eugenio"]
[Result "1/2-1/2"]
[WhiteElo "2560"]
[BlackElo "2525"]
[EventDate "1986.03.23"]
[PlyCount "242"]

1.e4 e5 2.Nf3 Nc6 3.Bb5 g6 4.c3 a6 5.Ba4 d6 6.d4 Bd7 7.Bg5 f6 8.Be3 Nh6 9.
b4 Bg7 10.Bb3 Qe7 11.O-O Nf7 12.Bd5 exd4 13.Nxd4 O-O 14.Nd2 Kh8 15.Nxc6 
bxc6 16.Bb3 Ne5 17.Bd4 f5 18.exf5 Bxf5 19.Re1 Qd7 20.Nf3 Nd3 21.Bxg7+ Qxg7
22.Re3 Nf4 23.Qd4 Qxd4 24.Nxd4 Bd7 25.Re7 Rad8 26.Ba4 c5 27.Rxd7 Rxd7 28.
Bxd7 cxd4 29.cxd4 Ne2+ 30.Kf1 Nxd4 31.Rc1 Rb8 32.Rxc7 Rxb4 33.g3 Nb5 34.
Rc6 Ra4 35.Be6 Kg7 36.Bb3 Ra3 37.Rb6 Kf6 38.h4 Ke5 39.Rb7 Nd4 40.Bg8 h6 
41.Re7+ Kf6 42.Rf7+ Ke5 43.Re7+ Kf6 44.Re4 Rd3 45.Bc4 Rd1+ 46.Kg2 a5 47.
Re8 Rc1 48.Bd3 Rd1 49.Bc4 Rc1 50.Bd3 Rd1 51.Be4 Rd2 52.Rf8+ Kg7 53.Rd8 Ne6
54.Ra8 Nc5 55.Bc6 Rxa2 56.Rd8 Rd2 57.Ra8 Nd3 58.Rxa5 Rxf2+ 59.Kg1 Rc2 60.
Be4 Rc1+ 61.Kg2 Nc5 62.Bd5 Rc2+ 63.Kf3 Kf6 64.Ra7 Ke5 65.Bf7 Rc3+ 66.Kg4 
h5+ 67.Kg5 Rxg3+ 68.Kh6 Kf6 69.Be8 Rg4 70.Rf7+ Ke6 71.Rf1 Rxh4 72.Bf7+ Ke7
73.Kxg6 Rh2 74.Re1+ Kd7 75.Kg5 h4 76.Re3 Kc7 77.Bd5 Kb6 78.Bf3 Nd7 79.Rd3 
Kc7 80.Rc3+ Kd8 81.Bg4 Nc5 82.Rh3 Ne4+ 83.Kxh4 Rb2 84.Bf5 Rb4 85.Re3 Nc5+ 
86.Kg3 Kc7 87.Be6 Kc6 88.Kf3 Rh4 89.Bf7 Rh7 90.Bg6 Rh6 91.Bf5 Kd5 92.Re1 
Kd4 93.Kf4 Rh4+ 94.Kg5 Rh2 95.Rd1+ Ke5 96.Re1+ Kd5 97.Rd1+ Kc6 98.Re1 Rg2+
99.Kf4 Rf2+ 100.Kg5 d5 101.Re8 Kd6 102.Kg4 Rf1 103.Kg5 Kc6 104.Rd8 Nb7 
105.Rc8+ Kd6 106.Kf6 Rf2 107.Rb8 Na5 108.Rd8+ Kc5 109.Kg5 Nc6 110.Re8 Rf1 
111.Bh3 Rh1 112.Bg4 Rg1 113.Kf4 Rf1+ 114.Ke3 d4+ 115.Ke2 Rb1 116.Bf5 Rb2+ 
117.Kf3 Kd6 118.Bd3 Rd2 119.Ke4 Rh2 120.Rf8 Rh3 121.Rf6+ Kc5 1/2-1/2

[Event "1st SWIFT it"]
[Site "Brussels BEL"]
[Date "1986.03.30"]
[Round "7"]
[White "Jadoul, Michel"]
[Black "Karpov, Anatoly"]
[Result "0-1"]
[WhiteElo "2360"]
[BlackElo "2700"]
[EventDate "1986.03.23"]
[PlyCount "82"]

1.e4 c5 2.Nf3 e6 3.d4 cxd4 4.Nxd4 Nc6 5.Nb5 d6 6.c4 Nf6 7.N1c3 a6 8.Na3 
Be7 9.Be2 O-O 10.O-O b6 11.Be3 Bb7 12.Qb3 Nd7 13.Rfd1 Nc5 14.Qc2 Qc7 15.
Rac1 Rac8 16.Nab1 Ne5 17.Nd2 Ncd7 18.a3 Rfe8 19.b4 Nf6 20.h3 Ng6 21.Qb1 
Ba8 22.Na4 Rb8 23.Bf1 h6 24.g3 Nd7 25.Bg2 Rbc8 26.Nb3 Qb7 27.Qa2 Qb8 28.c5
b5 29.Nb2 Nf6 30.Qb1 h5 31.Na5 dxc5 32.bxc5 h4 33.g4 Nf4 34.Bxf4 Qxf4 35.
Nd3 Qc7 36.Qb4 Nxe4 37.Bxe4 Bxe4 38.Qxe4 Qxa5 39.c6 Bxa3 40.Ra1 Qc3 41.Ne5
Bb2 0-1

[Event "1st SWIFT it"]
[Site "Brussels BEL"]
[Date "1986.03.30"]
[Round "7"]
[White "Ljubojevic, Ljubomir"]
[Black "Seirawan, Yasser"]
[Result "0-1"]
[WhiteElo "2605"]
[BlackElo "2605"]
[EventDate "1986.03.23"]
[PlyCount "118"]

1.e4 e5 2.Nf3 Nf6 3.Nxe5 d6 4.Nf3 Nxe4 5.d4 d5 6.Bd3 Be7 7.O-O Nc6 8.c4 
Nb4 9.Be2 Be6 10.Nc3 O-O 11.cxd5 Nxc3 12.bxc3 Nxd5 13.Qc2 c5 14.c4 Nb4 15.
Qe4 Qd7 16.dxc5 Bf5 17.Qd4 Qe6 18.Bb2 Bf6 19.Qd2 Bxb2 20.Qxb2 Nc2 21.Rae1 
Nxe1 22.Rxe1 Rae8 23.Bf1 Qc6 24.Nd4 Qxc5 25.Nxf5 Qxf5 26.Rxe8 Rxe8 27.Qxb7
Qc5 28.Qd7 Rb8 29.g3 g6 30.Be2 Rb2 31.Qe8+ Kg7 32.a4 Qd4 33.Kg2 a5 34.h4 
h5 35.Qe7 Ra2 36.Qe8 Qb2 37.Kf3 Qf6+ 38.Kg2 Qe6 39.Qxe6 fxe6 40.Bd1 Rd2 
41.Bf3 Rc2 42.Bc6 Rxc4 43.Bd7 Kf6 44.Kf3 Ke5 45.Be8 Rc3+ 46.Ke2 Kf6 47.Kd2
Ra3 48.Ke2 g5 49.hxg5+ Kxg5 50.Bd7 e5 51.Kf1 h4 52.gxh4+ Kxh4 53.Ke2 Kg5 
54.Bc6 Kf6 55.Kf1 Ke7 56.Ke2 Kd6 57.Be8 Kc5 58.Bd7 Kb4 59.Kd2 Rxa4 0-1

[Event "1st SWIFT it"]
[Site "Brussels BEL"]
[Date "1986.03.31"]
[Round "5"]
[White "Kortschnoj, Viktor"]
[Black "Karpov, Anatoly"]
[Result "1/2-1/2"]
[WhiteElo "2635"]
[BlackElo "2700"]
[EventDate "1986.03.23"]
[PlyCount "41"]

1.Nf3 Nf6 2.b3 b6 3.Bb2 Bb7 4.e3 e6 5.c4 c5 6.Nc3 Nc6 7.d4 cxd4 8.Nxd4 Qb8
9.Nf3 Be7 10.Be2 O-O 11.O-O Rd8 12.Qb1 d5 13.cxd5 Nxd5 14.Nxd5 Rxd5 15.Qe4
Nb4 16.Qg4 Qf8 17.e4 Rdd8 18.Rfd1 Nc6 19.h3 Ba3 20.Bf6 Be7 21.Bb2 1/2-1/2

[Event "1st SWIFT it"]
[Site "Brussels BEL"]
[Date "1986.04.01"]
[Round "8"]
[White "Winants, Luc"]
[Black "Karpov, Anatoly"]
[Result "0-1"]
[WhiteElo "2340"]
[BlackElo "2700"]
[EventDate "1986.03.23"]
[PlyCount "52"]

1.d4 Nf6 2.Nf3 e6 3.e3 c5 4.Bd3 cxd4 5.exd4 b6 6.O-O Bb7 7.c4 Be7 8.Nbd2 
O-O 9.b3 d5 10.Bb2 Nc6 11.Qe2 Qd6 12.Rad1 Rac8 13.Rfe1 Qf4 14.g3 Qh6 15.
Qf1 Rfd8 16.h3 Bb4 17.Re3 Bxd2 18.Rxd2 Nb4 19.Ne5 Nxd3 20.Rdxd3 Ne4 21.Rd1
f6 22.Ng4 Qh5 23.Nh2 dxc4 24.bxc4 Rxc4 25.d5 Rxd5 26.Ng4 Ng5 0-1

[Event "1st SWIFT it"]
[Site "Brussels BEL"]
[Date "1986.04.01"]
[Round "8"]
[White "Miles, Anthony John"]
[Black "Kortschnoj, Viktor"]
[Result "0-1"]
[WhiteElo "2610"]
[BlackElo "2635"]
[EventDate "1986.03.23"]
[PlyCount "80"]

1.d4 Nf6 2.c4 g6 3.Nc3 d5 4.Nf3 Bg7 5.e3 O-O 6.b4 b6 7.Bb2 c5 8.bxc5 bxc5 
9.dxc5 Na6 10.c6 Ne4 11.Nd4 Rb8 12.Qc1 Qa5 13.f3 Nec5 14.Nb3 Qb4 15.Kf2 
Nxb3 16.axb3 Qxb3 17.Ra2 d4 18.exd4 Bxd4+ 19.Kg3 Be5+ 20.Kh4 f6 21.Qd2 Nc7
22.Ba1 Ne6 23.Nd5 g5+ 24.Kh5 Ng7+ 25.Kh6 Nf5+ 26.Kh5 Qb1 27.Bd3 Qxh1 28.
Bxe5 fxe5 29.h3 Ng7+ 30.Kxg5 Qh2 31.Qe1 Rf6 32.Bxh7+ Kxh7 33.Qh4+ Kg8 34.
Nxf6+ exf6+ 35.Kg6 Bf5+ 36.Kxf6 Rf8+ 37.Ke7 Qg1 38.Qf2 Qc1 39.Kd6 Qxc4 40.
c7 Rf6+ 0-1

[Event "1st SWIFT it"]
[Site "Brussels BEL"]
[Date "1986.04.01"]
[Round "8"]
[White "Torre, Eugenio"]
[Black "Van der Wiel, John"]
[Result "1-0"]
[WhiteElo "2525"]
[BlackElo "2555"]
[EventDate "1986.03.23"]
[PlyCount "87"]

1.d4 Nf6 2.Nf3 e6 3.c4 b6 4.g3 Ba6 5.Qb3 d5 6.cxd5 Qxd5 7.Qc2 Bb4+ 8.Nc3 
Bxc3+ 9.bxc3 Qe4 10.Qb2 Bc4 11.Bg2 Qb7 12.Qb4 Bd5 13.c4 Be4 14.O-O Nc6 15.
Qc3 O-O 16.Bg5 Nd7 17.Rfd1 h6 18.Bc1 Rfd8 19.Bb2 Nf6 20.Rac1 Ne7 21.Qa3 c6
22.Bh3 Bf5 23.Bg2 Be4 24.Bf1 Rac8 25.Nd2 Bg6 26.Bg2 Nf5 27.Nf3 Bh5 28.h3 
Nd6 29.Ne5 Bxe2 30.Re1 Bh5 31.g4 Bg6 32.Nxg6 fxg6 33.Rxe6 Qd7 34.d5 cxd5 
35.Bxf6 gxf6 36.Bxd5 Kg7 37.Rce1 Rc7 38.Rxf6 Nxc4 39.Qc3 Qxd5 40.Rd6+ Kh7 
41.Rxd5 Rxd5 42.Re8 g5 43.Qh8+ Kg6 44.Qg8+ 1-0

[Event "1st SWIFT it"]
[Site "Brussels BEL"]
[Date "1986.04.01"]
[Round "8"]
[White "Seirawan, Yasser"]
[Black "Jadoul, Michel"]
[Result "0-1"]
[WhiteElo "2605"]
[BlackElo "2360"]
[EventDate "1986.03.23"]
[PlyCount "64"]

1.d4 Nf6 2.c4 g6 3.Nc3 Bg7 4.e4 d6 5.f3 O-O 6.Be3 Nc6 7.Nge2 a5 8.Qd2 a4 
9.d5 Ne5 10.Nd4 Nfd7 11.Rc1 Nc5 12.Be2 e6 13.O-O f5 14.dxe6 Nxe6 15.exf5 
Nxd4 16.Bxd4 Bxf5 17.a3 g5 18.Be3 Nf7 19.f4 gxf4 20.Rxf4 Ne5 21.Rcf1 Qd7 
22.Nd5 Rae8 23.Nxc7 Qxc7 24.Rxf5 Rxf5 25.Rxf5 Nc6 26.Bh5 Rxe3 27.Bf7+ Kh8 
28.Bd5 Qe7 29.Rf7 Re1+ 30.Kf2 Bd4+ 31.Kg3 Re3+ 32.Kg4 Ne5+ 0-1

[Event "1st SWIFT it"]
[Site "Brussels BEL"]
[Date "1986.04.02"]
[Round "9"]
[White "Karpov, Anatoly"]
[Black "Seirawan, Yasser"]
[Result "1-0"]
[WhiteElo "2700"]
[BlackElo "2605"]
[EventDate "1986.03.23"]
[PlyCount "149"]

1.e4 e5 2.Nf3 Nf6 3.Nxe5 d6 4.Nf3 Nxe4 5.d4 d5 6.Bd3 Be7 7.O-O Nc6 8.c4 
Nb4 9.Be2 Be6 10.Nc3 O-O 11.Be3 f5 12.a3 Nxc3 13.bxc3 Nc6 14.Qa4 f4 15.Bd2
Kh8 16.Rab1 Rb8 17.Rfe1 dxc4 18.Bxc4 Bg4 19.Be2 Bd6 20.h3 Bh5 21.Rb5 Be8 
22.Qc2 a6 23.Rf5 Rxf5 24.Qxf5 Bg6 25.Qg4 Qf6 26.Bc4 Rf8 27.a4 Bc2 28.Qh5 
h6 29.Re8 Bf5 30.Bd5 Bd7 31.Rxf8+ Qxf8 32.Nh4 Be8 33.Qe2 Nd8 34.Qe4 Qe7 
35.Ng6+ Bxg6 36.Qxg6 c6 37.Bb3 b5 38.Kf1 Qf8 39.Bc2 Kg8 40.Bb3+ Kh8 41.h4 
Nb7 42.c4 Qg8 43.Qd3 Qh7 44.Ke2 g5 45.c5 Bc7 46.axb5 axb5 47.h5 Ba5 48.Bc1
Qe7+ 49.Kd1 Qe1+ 50.Kc2 Qxf2+ 51.Kb1 Qg3 52.Qxg3 fxg3 53.Kc2 Kg7 54.d5 
Nxc5 55.Bb2+ Kf8 56.dxc6 Na6 57.Ba3+ Ke8 58.Be6 Bb4 59.Bb2 Bf8 60.Bd7+ Kd8
61.Be5 Nb4+ 62.Kd2 Nd5 63.Be6 Nc7 64.Bf7 Ne8 65.Bxe8 Kxe8 66.Bf6 g4 67.Kc3
Bd6 68.Bg7 Bf4 69.Kb4 Kd8 70.Kxb5 Kc7 71.Kc5 Be3+ 72.Kd5 Bf4 73.Bf8 Kb6 
74.Bd6 Bg5 75.Bxg3 1-0

[Event "1st SWIFT it"]
[Site "Brussels BEL"]
[Date "1986.04.02"]
[Round "9"]
[White "Kortschnoj, Viktor"]
[Black "Torre, Eugenio"]
[Result "0-1"]
[WhiteElo "2635"]
[BlackElo "2525"]
[EventDate "1986.03.23"]
[PlyCount "80"]

1.Nf3 Nf6 2.c4 c6 3.Nc3 d5 4.d4 dxc4 5.Ne5 b5 6.g3 Nfd7 7.Bf4 Nxe5 8.Bxe5 
Nd7 9.Bg2 Nxe5 10.dxe5 Qb6 11.a4 b4 12.a5 Qc5 13.Ne4 Qxe5 14.Qd2 Bf5 15.
Rd1 Qc7 16.Qxb4 Bxe4 17.Bxe4 e6 18.Qxc4 Rc8 19.Qc3 f5 20.Bc2 Bd6 21.Bb3 
Qe7 22.O-O O-O 23.Qc4 Rf6 24.Rd3 Kh8 25.Qa6 Rcf8 26.Rc1 f4 27.Qxc6 Be5 28.
Qe4 Bxb2 29.Rb1 fxg3 30.Rxg3 Qc5 31.Bc2 Qxf2+ 32.Kh1 Rh6 33.Rg2 Qf6 34.Qb7
Bd4 35.Rg4 Be5 36.Qxa7 Bxh2 37.Kg2 Be5 38.Bd3 Rh2+ 39.Kg1 Rf2 40.e3 Bh2+ 
0-1

[Event "1st SWIFT it"]
[Site "Brussels BEL"]
[Date "1986.04.02"]
[Round "9"]
[White "Ljubojevic, Ljubomir"]
[Black "Miles, Anthony John"]
[Result "0-1"]
[WhiteElo "2605"]
[BlackElo "2610"]
[EventDate "1986.03.23"]
[PlyCount "56"]

1.e4 c5 2.Nf3 d6 3.d4 cxd4 4.Nxd4 Nf6 5.Nc3 g6 6.Be3 Bg7 7.f3 O-O 8.Qd2 
Nc6 9.Bc4 Bd7 10.h4 Rc8 11.Bb3 h5 12.O-O-O Ne5 13.g4 hxg4 14.h5 Nxh5 15.
Bh6 e6 16.Rdg1 Qf6 17.Bxg7 Qxg7 18.fxg4 Nf6 19.g5 Nh5 20.Nce2 Nc4 21.Qb4 
a5 22.Qxb7 Ne5 23.c3 Nd3+ 24.Kb1 Nc5 25.Qb6 Qe5 26.Bc2 Rb8 27.Qxa5 Rxb2+ 
28.Kxb2 Nd3+ 0-1

[Event "1st SWIFT it"]
[Site "Brussels BEL"]
[Date "1986.04.02"]
[Round "9"]
[White "Romanishin, Oleg"]
[Black "Winants, Luc"]
[Result "1/2-1/2"]
[WhiteElo "2560"]
[BlackElo "2340"]
[EventDate "1986.03.23"]
[PlyCount "63"]

1.Nf3 c5 2.c4 Nf6 3.g3 b6 4.Bg2 Bb7 5.O-O g6 6.d3 Bg7 7.e4 O-O 8.Nc3 Nc6 
9.Bg5 Ne8 10.Qd2 Nc7 11.Bh6 Ne6 12.Bxg7 Kxg7 13.Nh4 Ned4 14.f4 f5 15.exf5 
gxf5 16.b4 cxb4 17.Nb5 Ne6 18.d4 a6 19.d5 axb5 20.cxb5 Na7 21.dxe6 Bxg2 
22.Nxg2 Nxb5 23.Qxb4 Nd6 24.Rfe1 Ra7 25.Nh4 Rf6 26.Qd4 Kg8 27.Qd5 Ra5 28.
Qb3 Rb5 29.Qd3 Rxe6 30.a4 Rc5 31.Qb3 Nf7 32.Nf3 1/2-1/2

[Event "1st SWIFT it"]
[Site "Brussels BEL"]
[Date "1986.04.02"]
[Round "9"]
[White "Van der Wiel, John"]
[Black "Timman, Jan"]
[Result "0-1"]
[WhiteElo "2555"]
[BlackElo "2645"]
[EventDate "1986.03.23"]
[PlyCount "118"]

1.e4 e6 2.d4 d5 3.Nd2 Nf6 4.e5 Nfd7 5.c3 c5 6.Bd3 Nc6 7.Ne2 cxd4 8.cxd4 f6
9.Nf4 Nxd4 10.Qh5+ Ke7 11.exf6+ Nxf6 12.Ng6+ hxg6 13.Qxh8 Kf7 14.Qh4 e5 
15.Nf3 Nxf3+ 16.gxf3 Bf5 17.Bxf5 gxf5 18.Bg5 Qa5+ 19.Kf1 g6 20.Bxf6 Qa6+ 
21.Kg2 Qxf6 22.Qxf6+ Kxf6 23.Rac1 Bd6 24.Rhd1 Ke6 25.Rc3 g5 26.Rdc1 Kd7 
27.Rb3 b6 28.Rd3 d4 29.h4 gxh4 30.f4 Rg8+ 31.Kh3 Ke6 32.fxe5 Bxe5 33.Re1 
Kd5 34.Rf3 Rg5 35.Kxh4 Rg4+ 36.Kh3 Re4 37.Rg1 f4 38.Rb3 Re2 39.Rg5 Kc4 40.
Rg8 Bd6 41.Kg2 Bc5 42.Rg4 a5 43.Kf1 Rc2 44.Rxf4 a4 45.Rc3+ Rxc3 46.bxc3 
Kxc3 47.Re4 a3 48.f4 d3 49.Ke1 Kb2 50.Kd2 Kxa2 51.Kxd3 Kb3 52.Rc4 Bb4 53.
Rc1 a2 54.f5 b5 55.f6 Kb2 56.Rc2+ Kb1 57.Rxa2 Kxa2 58.Kd4 Bf8 59.Kc3 b4+ 
0-1

[Event "1st SWIFT it"]
[Site "Brussels BEL"]
[Date "1986.04.02"]
[Round "9"]
[White "Jadoul, Michel"]
[Black "Zapata Ramirez, Alonso"]
[Result "0-1"]
[WhiteElo "2360"]
[BlackElo "2515"]
[EventDate "1986.03.23"]
[PlyCount "121"]

1.c4 g6 2.Nc3 Bg7 3.g3 e5 4.d3 Nf6 5.Bg2 O-O 6.Nf3 Nc6 7.O-O d6 8.Rb1 a5 
9.a3 h6 10.b4 axb4 11.axb4 Be6 12.b5 Ne7 13.Bb2 Qd7 14.e4 Nh5 15.Nd5 Nxd5 
16.cxd5 Bh3 17.d4 Bxg2 18.Kxg2 exd4 19.Nxd4 Rfe8 20.f3 Nf6 21.Rf2 Qd8 22.
Nb3 Re7 23.Ra1 Nd7 24.Bxg7 Kxg7 25.Rc2 Nb6 26.Rca2 Rb8 27.h4 h5 28.Qd2 Kh7
29.Qc3 Qe8 30.Nd4 Qh8 31.Rc1 Qe8 32.Qd2 Qh8 33.Rac2 Rc8 34.Qg5 Rd7 35.Ne2 
Na4 36.Nf4 Kg8 37.g4 hxg4 38.Qxg4 Nb6 39.h5 Qf6 40.hxg6 fxg6 41.Ne6 Rh7 
42.Nxc7 Kh8 43.Qg3 g5 44.Kf1 g4 45.Qxg4 Rg8 46.Qf5 Qd4 47.Qxh7+ Kxh7 48.
Rh2+ Kg6 49.Ne6 Qd3+ 50.Re2 Qxf3+ 51.Ke1 Ra8 52.Rg2+ Kh5 53.Ng7+ Kh4 54.
Nf5+ Kh3 55.Rg3+ Qxg3+ 56.Nxg3 Kxg3 57.Rc7 Kf3 58.Rxb7 Nc4 59.Kd1 Kxe4 60.
b6 Kxd5 61.Ra7 0-1

[Event "1st SWIFT it"]
[Site "Brussels BEL"]
[Date "1986.04.03"]
[Round "10"]
[White "Zapata Ramirez, Alonso"]
[Black "Karpov, Anatoly"]
[Result "0-1"]
[WhiteElo "2515"]
[BlackElo "2700"]
[EventDate "1986.03.23"]
[PlyCount "127"]

1.e4 e5 2.Nf3 Nc6 3.Bb5 a6 4.Ba4 Nf6 5.d4 exd4 6.O-O Be7 7.Re1 O-O 8.e5 
Ne8 9.c3 dxc3 10.Nxc3 d6 11.Nd5 Nxe5 12.Nxe5 dxe5 13.Rxe5 Bd6 14.Bg5 f6 
15.Rxe8 Rxe8 16.Bxf6 gxf6 17.Bxe8 Be6 18.Bh5 Bxh2+ 19.Kxh2 Qxd5 20.Bf3 
Qxd1 21.Rxd1 c6 22.a3 Kf7 23.Kg3 Rg8+ 24.Kf4 Rg5 25.Rh1 Rf5+ 26.Kg3 Kg7 
27.Be4 Rg5+ 28.Kf4 h5 29.Re1 Kf7 30.g3 h4 31.gxh4 Rg4+ 32.Ke3 Rxh4 33.Rd1 
Rh3+ 34.Kd4 Rb3 35.Rd2 Ke7 36.Bd3 a5 37.Bb1 Bd5 38.Ba2 Rb5 39.Bb1 Kd6 40.
Kc3 Rb3+ 41.Kc2 Rf3 42.Kd1 Ke5 43.Bd3 b5 44.Bf1 Rf4 45.Re2+ Kd4 46.Rd2+ 
Kc5 47.Bd3 Rh4 48.Rc2+ Kd4 49.Rd2 Ke5 50.Re2+ Kd4 51.Rd2 Ke5 52.Re2+ Kd4 
53.Rd2 Rh1+ 54.Kc2 Kc5 55.b3 Rh4 56.Kc3 Rd4 57.Rc2 b4+ 58.axb4+ axb4+ 59.
Kd2+ Kd6 60.Ke3 Rh4 61.Rb2 Rh3+ 62.Kd2 Ke5 63.Bc2 c5 64.Bd3 0-1

[Event "1st SWIFT it"]
[Site "Brussels BEL"]
[Date "1986.04.03"]
[Round "10"]
[White "Timman, Jan"]
[Black "Kortschnoj, Viktor"]
[Result "1/2-1/2"]
[WhiteElo "2645"]
[BlackElo "2635"]
[EventDate "1986.03.23"]
[PlyCount "70"]

1.e4 e6 2.d4 d5 3.Nc3 Nf6 4.e5 Nfd7 5.f4 c5 6.Nf3 Nc6 7.Be3 cxd4 8.Nxd4 
Bc5 9.Qd2 Bxd4 10.Bxd4 Nxd4 11.Qxd4 Qb6 12.Qxb6 Nxb6 13.Nb5 Ke7 14.Bd3 Bd7
15.Nd4 g6 16.b3 h5 17.Kd2 a6 18.a4 Nc8 19.b4 Kd8 20.Rhc1 a5 21.Rcb1 Kc7 
22.Ra3 axb4 23.Rxb4 Ne7 24.Bb5 Bc6 25.c4 Nf5 26.Bxc6 bxc6 27.cxd5 exd5 28.
Nxc6 Kxc6 29.Rc3+ Kd7 30.Rb7+ Kd8 31.Rc5 Nd4 32.Rxd5+ Kc8 33.Rxf7 Rxa4 34.
Rf6 Rg8 35.Rdd6 Nf5 1/2-1/2

[Event "1st SWIFT it"]
[Site "Brussels BEL"]
[Date "1986.04.03"]
[Round "10"]
[White "Torre, Eugenio"]
[Black "Ljubojevic, Ljubomir"]
[Result "1/2-1/2"]
[WhiteElo "2525"]
[BlackElo "2605"]
[EventDate "1986.03.23"]
[PlyCount "42"]

1.d4 Nf6 2.c4 e6 3.Nf3 b6 4.g3 Ba6 5.b3 d5 6.cxd5 exd5 7.Bg2 Bb4+ 8.Bd2 
Bxd2+ 9.Qxd2 O-O 10.O-O Ne4 11.Qb2 Nd7 12.b4 c5 13.b5 Bb7 14.Nc3 Re8 15.e3
Qf6 16.Ne2 h5 17.h4 g6 18.Nf4 Nf8 19.Bh3 Bc8 20.Bg2 Bb7 21.Bh3 Bc8 1/2-1/2

[Event "1st SWIFT it"]
[Site "Brussels BEL"]
[Date "1986.04.03"]
[Round "10"]
[White "Miles, Anthony John"]
[Black "Jadoul, Michel"]
[Result "1-0"]
[WhiteElo "2610"]
[BlackElo "2360"]
[EventDate "1986.03.23"]
[PlyCount "57"]

1.d4 Nf6 2.c4 g6 3.Nc3 Bg7 4.e4 d6 5.f3 O-O 6.Be3 Nc6 7.Qd2 a6 8.Nge2 Bd7 
9.h4 h5 10.O-O-O b5 11.Bh6 Kh7 12.Bg5 bxc4 13.g4 Nxg4 14.fxg4 Bxg4 15.Bh3 
Bxh3 16.Rxh3 Qd7 17.Rg3 Nb4 18.Nf4 f6 19.Nxg6 fxg5 20.Nxf8+ Rxf8 21.Qe2 g4
22.Qxc4 Nc6 23.Rgg1 Rf2 24.Rgf1 Rxf1 25.Rxf1 Nxd4 26.Qf7 Kh6 27.Rf5 Nxf5 
28.exf5 Kh7 29.f6 1-0

[Event "1st SWIFT it"]
[Site "Brussels BEL"]
[Date "1986.04.03"]
[Round "10"]
[White "Romanishin, Oleg"]
[Black "Van der Wiel, John"]
[Result "1/2-1/2"]
[WhiteElo "2560"]
[BlackElo "2555"]
[EventDate "1986.03.23"]
[PlyCount "41"]

1.d4 e6 2.c4 Nf6 3.Nc3 Bb4 4.g3 Nc6 5.Bg2 O-O 6.Nf3 d6 7.O-O e5 8.Nd5 Nxd5
9.cxd5 Nxd4 10.Nxd4 exd4 11.Qxd4 a5 12.b3 Re8 13.Bb2 Qg5 14.e3 Bc5 15.Qd2 
h5 16.h4 Qg4 17.Kh2 Bf5 18.Qc3 Qg6 19.a3 Be4 20.Rfe1 Bxg2 21.Kxg2 1/2-1/2

[Event "1st SWIFT it"]
[Site "Brussels BEL"]
[Date "1986.04.05"]
[Round "11"]
[White "Karpov, Anatoly"]
[Black "Miles, Anthony John"]
[Result "1-0"]
[WhiteElo "2700"]
[BlackElo "2610"]
[EventDate "1986.03.23"]
[PlyCount "79"]

1.d4 Nf6 2.Nf3 c5 3.c4 cxd4 4.Nxd4 a6 5.Nc3 e6 6.e4 Bb4 7.Bd3 Qc7 8.O-O 
Nc6 9.Nf3 O-O 10.Bd2 b6 11.Rc1 Qb8 12.Qe2 Bd6 13.Kh1 Bc7 14.Bb1 Bb7 15.
Rcd1 h6 16.b3 Re8 17.Rde1 d6 18.Be3 Ng4 19.Bc1 Nge5 20.Bb2 Bd8 21.Rd1 Bf6 
22.Ne1 Ng6 23.f4 Qc7 24.Qg4 Rad8 25.Nf3 Nf8 26.Nd5 Bxb2 27.Nxc7 Re7 28.
Nxe6 Rxe6 29.Qg3 Ba3 30.f5 Ree8 31.f6 g6 32.Qh4 h5 33.Qf4 Re6 34.Ng5 Re5 
35.Rd2 Rde8 36.h3 Nd8 37.Nf3 Nfe6 38.Qh6 Ra5 39.Rd5 b5 40.Ng5 1-0

[Event "1st SWIFT it"]
[Site "Brussels BEL"]
[Date "1986.04.05"]
[Round "11"]
[White "Kortschnoj, Viktor"]
[Black "Romanishin, Oleg"]
[Result "1-0"]
[WhiteElo "2635"]
[BlackElo "2560"]
[EventDate "1986.03.23"]
[PlyCount "101"]

1.c4 Nf6 2.Nf3 g6 3.Nc3 Bg7 4.e4 d6 5.d4 O-O 6.Be2 e5 7.O-O Nbd7 8.Qc2 c6 
9.Rd1 Qe7 10.d5 c5 11.g3 Kh8 12.Bg5 a6 13.Nh4 Qe8 14.Re1 Ng8 15.Bd2 Qe7 
16.Ng2 f5 17.exf5 gxf5 18.f4 e4 19.g4 b5 20.cxb5 axb5 21.Bxb5 Bd4+ 22.Be3 
Nh6 23.g5 Ng4 24.Bxd4+ cxd4 25.Ne2 Qg7 26.h3 d3 27.Qc3 dxe2 28.Qxg7+ Kxg7 
29.hxg4 Nc5 30.gxf5 Bxf5 31.Bxe2 Na4 32.b3 Nc3 33.Bc4 Nxa2 34.Ne3 Bd7 35.
Kh2 Rxf4 36.Re2 Nc3 37.Rxa8 Nxe2 38.Bxe2 Rf2+ 39.Ng2 Rxe2 40.Ra7 Kg6 41.
Rxd7 Kxg5 42.Rxd6 Rb2 43.Rb6 Rd2 44.Re6 Kf5 45.Re8 Rd4 46.Kg1 h5 47.Kf1 
Rd2 48.b4 Rb2 49.d6 Rd2 50.Ne3+ Kf4 51.Nc4 1-0

[Event "1st SWIFT it"]
[Site "Brussels BEL"]
[Date "1986.04.05"]
[Round "11"]
[White "Ljubojevic, Ljubomir"]
[Black "Timman, Jan"]
[Result "1-0"]
[WhiteElo "2605"]
[BlackElo "2645"]
[EventDate "1986.03.23"]
[PlyCount "81"]

1.e4 c5 2.Nf3 d6 3.d4 cxd4 4.Nxd4 Nf6 5.Nc3 e6 6.g4 h6 7.h4 Be7 8.Qf3 Nfd7
9.Qg3 Nc6 10.Be3 a6 11.O-O-O Qc7 12.Kb1 b5 13.Bg2 Bb7 14.g5 b4 15.Nce2 
Nxd4 16.Nxd4 hxg5 17.Bxg5 Nf6 18.Rhe1 Rc8 19.Qb3 Qc4 20.Qa4+ Kf8 21.f4 g6 
22.e5 Bxg2 23.exf6 Bd8 24.b3 Bc6 25.Nxc6 Qxc6 26.Qxb4 Qxc2+ 27.Ka1 Kg8 28.
Rxd6 Kh7 29.Rd7 Rf8 30.Rh1 Qg2 31.Qb7 Qxb7 32.Rxb7 Rc2 33.Rd1 Rc5 34.Kb1 
Rf5 35.Rb8 Rd5 36.Rxd5 exd5 37.Kc2 Be7 38.fxe7 Rxb8 39.Bf6 g5 40.fxg5 Kg6 
41.Kd3 1-0

[Event "1st SWIFT it"]
[Site "Brussels BEL"]
[Date "1986.04.05"]
[Round "11"]
[White "Van der Wiel, John"]
[Black "Winants, Luc"]
[Result "1/2-1/2"]
[WhiteElo "2555"]
[BlackElo "2340"]
[EventDate "1986.03.23"]
[PlyCount "41"]

1.e4 c5 2.Nf3 Nc6 3.d4 cxd4 4.Nxd4 Nf6 5.Nc3 e6 6.Nxc6 bxc6 7.e5 Nd5 8.Ne4
Qc7 9.f4 Qb6 10.c4 Ne3 11.Qd3 Bb4+ 12.Bd2 O-O 13.b3 a5 14.Bxb4 Qxb4+ 15.
Ke2 Nxc4 16.Kf3 Nb6 17.a3 Qe7 18.Qd6 Qxd6 19.exd6 Ba6 20.Bxa6 Rxa6 21.Rad1
1/2-1/2

[Event "1st SWIFT it"]
[Site "Brussels BEL"]
[Date "1986.04.05"]
[Round "11"]
[White "Jadoul, Michel"]
[Black "Torre, Eugenio"]
[Result "1-0"]
[WhiteElo "2360"]
[BlackElo "2525"]
[EventDate "1986.03.23"]
[PlyCount "51"]

1.Nf3 d5 2.c4 e6 3.g3 Nf6 4.Bg2 Be7 5.O-O O-O 6.b3 c5 7.Bb2 Nc6 8.cxd5 
exd5 9.d4 Ne4 10.Nc3 Bf6 11.Na4 Bg4 12.Ne5 Bh5 13.Nxc6 bxc6 14.f3 Nd6 15.
g4 Bg6 16.Nxc5 h5 17.e4 Be7 18.e5 Nb5 19.f4 hxg4 20.Qxg4 Bxc5 21.dxc5 Bd3 
22.f5 f6 23.Rfd1 Qe7 24.Rxd3 Qxc5+ 25.Kh1 Qc2 26.Rg3 1-0

[Event "1st SWIFT it"]
[Site "Brussels BEL"]
[Date "1986.04.05"]
[Round "11"]
[White "Seirawan, Yasser"]
[Black "Zapata Ramirez, Alonso"]
[Result "1/2-1/2"]
[WhiteElo "2605"]
[BlackElo "2515"]
[EventDate "1986.03.23"]
[PlyCount "88"]

1.d4 Nf6 2.c4 d6 3.Nc3 Nbd7 4.e4 e5 5.d5 Nc5 6.f3 a5 7.Be3 Be7 8.Qd2 O-O 
9.Nge2 Ne8 10.Nc1 h6 11.Nd3 Bg5 12.g3 f5 13.Nxc5 dxc5 14.exf5 Bxf5 15.
O-O-O Nd6 16.Bxg5 Qxg5 17.Qxg5 hxg5 18.Re1 Rae8 19.b3 e4 20.Bg2 exf3 21.
Bxf3 g6 22.Rxe8 Rxe8 23.Kd2 g4 24.Be2 Kg7 25.Rf1 Kh6 26.Bd3 Kg5 27.Rf2 Re7
28.Re2 Rf7 29.Nd1 b6 30.Rf2 a4 31.Ne3 axb3 32.axb3 Rh7 33.Kc3 Be4 34.Rf4 
Bf5 35.Rf2 Bd7 36.Nf1 Re7 37.Re2 Rf7 38.Nd2 Bf5 39.Re5 Rh7 40.Re2 Rf7 41.
Re5 Kf6 42.Re2 Rh7 43.Nf1 Kg5 44.Nd2 Rf7 1/2-1/2